Central Library OPAC University of Rajshahi

Plant pathology : (Record no. 13255)

MARC details
000 -LEADER
fixed length control field 00810nam a2200241 a 4500
001 - CONTROL NUMBER
control field 13255
003 - CONTROL NUMBER IDENTIFIER
rucl marc code BD-RjUL
005 - DATE AND TIME OF LATEST TRANSACTION
control field 20211208235428.0
008 - FIXED-LENGTH DATA ELEMENTS--GENERAL INFORMATION
fixed length control field 140130s1959 us a 001 0 eng d
035 ## - SYSTEM CONTROL NUMBER
System control number 13306
040 ## - CATALOGING SOURCE
Original cataloging agency BD-RjUL
Language of cataloging eng
Transcribing agency BD-RjUL
Modifying agency BD-RjUL
041 ## - LANGUAGE CODE
Language code of text/sound track or separate title eng
082 04 - DEWEY DECIMAL CLASSIFICATION NUMBER
Edition number 23
Classification number 632.4
Author mark and year PLA 1959
245 00 - TITLE STATEMENT
Title Plant pathology :
Remainder of title an advanced treatise /
Statement of responsibility, etc. edited by J. G. Horsfall and A. E. Dimond
260 ## - PUBLICATION, DISTRIBUTION, ETC. (IMPRINT)
Place of publication, distribution, etc. New York :
Name of publisher, distributor, etc. Academic Press,
Date of publication, distribution, etc. c1959
300 ## - PHYSICAL DESCRIPTION
Pagination v. :
Illustrations ill. ;
Size 24 cm
504 ## - BIBLIOGRAPHY, ETC. NOTE
Bibliography, etc Includes bibliography and index
505 0# - FORMATTED CONTENTS NOTE
Formatted contents note Vol. 1 The diseased plant -- V. 2 The Pathogen --
650 #0 - SUBJECT ADDED ENTRY--TOPICAL TERM
Topical term or geographic name as entry element Plant diseases
9 (RLIN) 41286
700 1# - ADDED ENTRY--PERSONAL NAME
Personal name Dimond, Albert E.
Fuller form of name (Albert Eugene), ed.
Dates associated with a name 1914-
Personal name Horsfall, James G.
Fuller form of name (James Gordon), ed.
Dates associated with a name 1905-1995
942 ## - ADDED ENTRY ELEMENTS (KOHA)
Source of classification or shelving scheme Dewey Decimal Classification
Koha item type Books
Holdings
Lost status Source of classification or shelving scheme Damaged status Not for loan Collection code Permanent Location Current Location Shelving location Date acquired Source of acquisition Cost, normal purchase price Total Checkouts Full call number Date last seen Copy number Koha item type
  Dewey Decimal Classification   Not For Loan Non-fiction Central Library, University of Rajshahi Central Library, University of Rajshahi Reading Room 20/02/1963 Zeitlinger 176.00   632.4 PLA V-1 1959 30/01/2014 C-1 Books
  Dewey Decimal Classification   Not For Loan Non-fiction Central Library, University of Rajshahi Central Library, University of Rajshahi Reading Room 20/02/1964 Zeitlinger 176.00   632.4 PLA V-2 1960 14/03/2017 C-1 Books
  Dewey Decimal Classification     Non-fiction Central Library, University of Rajshahi Central Library, University of Rajshahi   20/02/1964 Zeitlinger 176.00   632.4 PLA V-2 1960 23/05/2017 C-2 Books
  Dewey Decimal Classification     Non-fiction Central Library, University of Rajshahi Central Library, University of Rajshahi   21/01/2019 Zeitlinger 176.00   632.4 PLA 1959 V-1 21/01/2019 C-2 Books